All F1 Tire Manufacturers - Statistics

General Stats
  • This quiz has been taken 162 times
  • The average score is 5 of 9
Answer Stats
Wins Manufacturer % Correct
256 Pirelli
93%
102 Michelin
89%
175 Bridgestone
76%
368 Goodyear
71%
49 Firestone
53%
83 Dunlop
46%
10 Continental
36%
0 Avon
22%
8 Englebert
20%
No matching quizzes found
Score Distribution
Percent of People with Each Score
Percentile by Number Answered
Your Score History
You have not taken this quiz